[Event "ESP-chT"]
[Site "Ponferrada"]
[Date "1997.??.??"]
[Round "5"]
[White "Gonzalez Velez, Fermin"]
[Black "Vallejo Pons, Francisco"]
[Result "1-0"]
[WhiteElo "2395"]
[BlackElo "2415"]

1.d4 f5 2.e4 fxe4 3.Nc3 Nf6 4.Bg5 Nc6 5.d5 Ne5 6.Qe2 c6 7.Bxf6 gxf6 8.O-O-O cxd5
9.Qh5+ Nf7 10.Qxd5 e6 11.Qxe4 Bh6+ 12.Kb1 O-O 13.g4 d5 14.Qg2 Bd7 15.Nge2 b5
16.Ng3 Rc8 17.Nh5 Nd6 18.h4 Kh8 19.g5 fxg5 20.hxg5 Qxg5 21.Qh2 Nf5 22.Rg1 Qe7
23.Qe5+ Ng7 24.Nxd5 Qc5 25.Bh3 Rf7 26.Nhf6 Qxc2+ 27.Ka1 exd5 28.Bxd7 Rcf8
29.Ng4 Bf4 30.Qxd5 b4 31.Bb5 Rf5 32.Qb7 R5f7 33.Qxf7 Rxf7 34.Rd8+ Ne8 35.Ne5 h5
36.Nxf7+ Kh7 37.Bd3+  1-0

[Event "ESP-chT"]
[Site "Ponferrada"]
[Date "1997.??.??"]
[Round "6"]
[White "Vallejo Pons, Francisco"]
[Black "Garcia Padron, Jose"]
[Result "0-1"]
[WhiteElo "2415"]
[BlackElo "2440"]

1.e4 c6 2.d4 d5 3.f3 e6 4.Nc3 Bb4 5.Bf4 Nf6 6.Qd3 c5 7.a3 Qa5 8.Bxb8 Rxb8
9.e5 Nd7 10.Rb1 Bxc3+ 11.Qxc3 Qb6 12.dxc5 Nxc5 13.Qd4 Bd7 14.f4 Rc8 15.Qb4 Qc7
16.Nf3 O-O 17.c3 Ba4 18.Rc1 b5 19.Nd2 f6 20.Qd4 fxe5 21.Qxe5 Qb6 22.Be2 d4
23.Qxd4 Rcd8 24.Qg1 Rxf4 25.b4 Rxd2 26.bxc5 Rxe2+ 27.Kxe2 Qc6 28.g3 Qf3+
29.Kd2 Qd5+ 30.Ke2 Re4+ 31.Kf1 Qf5+ 32.Qf2 Qd5 33.Rg1 Qd3+ 34.Kg2 Re2 35.Rgf1 Qe4+
36.Kg1 Rxf2 37.Rxf2 h6 38.Rcf1 Qc4 39.Rf8+ Kh7 40.Rc8 Qxc3 41.c6 b4 42.c7 Bd7
43.Rff8 Bxc8 44.Rxc8 bxa3  0-1

[Event "ESP-chT"]
[Site "Ponferrada"]
[Date "1997.??.??"]
[Round "9"]
[White "Vega Holm, Fernando"]
[Black "Vallejo Pons, Francisco"]
[Result "0-1"]
[WhiteElo "2420"]
[BlackElo "2415"]

1.d4 e6 2.Nf3 Nf6 3.Bf4 c5 4.e3 Nc6 5.c3 d5 6.Nbd2 Bd6 7.Bg3 O-O 8.Bd3 Qe7
9.Ne5 Nd7 10.f4 f6 11.Nxc6 bxc6 12.Qc2 f5 13.Nf3 a5 14.Bh4 Qe8 15.Qe2 a4
16.a3 cxd4 17.exd4 Bxf4 18.O-O Bc7 19.Rae1 Nf6 20.Ne5 Ne4 21.Rf3 Bxe5 22.dxe5 Qd7
23.Bxe4 dxe4 24.Rg3 Ba6 25.Qh5 Qf7 26.Bf6 Qa7+ 27.Kh1 Rf7 28.Qh4 Rb8 29.Bg5 Qf2
30.Rc1 f4 31.Rg4 Qxh4 32.Bxh4 Rxb2 33.Kg1 Be2 34.Rg5 h6 35.Rg6 Bc4 36.Rg4 g5
37.Re1 Be2  0-1

[Event "Toscolano op"]
[Site "Toscolano"]
[Date "1997.??.??"]
[Round "?"]
[White "Sulava, Nenad"]
[Black "Vallejo Pons, Francisco"]
[Result "1-0"]
[WhiteElo "2380"]
[BlackElo "2385"]

1.d4 f5 2.g3 Nf6 3.Bg2 g6 4.Nd2 Bg7 5.e4 fxe4 6.Nxe4 Nxe4 7.Bxe4 d5 8.Bg2 Nc6
9.Ne2 Bg4 10.c3 e5 11.h3 Bxe2 12.Qxe2 O-O 13.Qb5 exd4 14.Qxd5+ Kh8 15.O-O dxc3
16.bxc3 Qxd5 17.Bxd5 Nb4 18.Bg2 c5 19.a3 Nd3 20.Be3 b5 21.Bxa8 Rxa8 22.Rfd1 c4
23.a4 bxa4 24.Rxa4 Bxc3 25.Rxc4  1-0

[Event "Toscolano op"]
[Site "Toscolano"]
[Date "1997.??.??"]
[Round "?"]
[White "Vallejo Pons, Francisco"]
[Black "Efimov, Igor"]
[Result "1-0"]
[WhiteElo "2385"]
[BlackElo "2530"]

1.e4 c5 2.Nc3 d6 3.Nge2 Nf6 4.g3 Nc6 5.Bg2 e6 6.d4 cxd4 7.Nxd4 Be7 8.Nxc6 bxc6
9.e5 Nd5 10.exd6 Bxd6 11.O-O O-O 12.Ne4 Be7 13.c4 Nb4 14.Qa4 f5 15.Rd1 Qb6
16.Bg5 Bxg5 17.Nxg5 Bb7 18.c5 Qxc5 19.Nxe6 Qe7 20.Nxf8 Rxf8 21.Qxa7 Re8 22.a3 Nd5
23.Rac1 f4 24.Bxd5+ cxd5 25.Re1 Qxe1+ 26.Rxe1 Rxe1+ 27.Kg2 Bc6 28.Qb8+ Re8
29.Qxf4 d4+ 30.Kh3 Bd7+ 31.g4 h5 32.Qxd4 Bxg4+ 33.Kg3 Re1 34.f3 Be6 35.a4 Kh7
36.h4 Re2 37.Qd3+  1-0

[Event "Toscolano op"]
[Site "Toscolano"]
[Date "1997.??.??"]
[Round "?"]
[White "Vallejo Pons, Francisco"]
[Black "Martinez Martin, David"]
[Result "1-0"]
[WhiteElo "2385"]
[BlackElo "2165"]

1.e4 c5 2.d4 cxd4 3.Nf3 d6 4.Nxd4 Nf6 5.f3 e5 6.Nb3 d5 7.Bg5 Be6 8.Bxf6 gxf6
9.exd5 Bxd5 10.Nc3 Bb4 11.Qd3 Nc6 12.O-O-O Bxb3 13.axb3 Qxd3 14.Bxd3 Bxc3
15.bxc3 h5 16.Be4 Rd8 17.Bd5 Rd7 18.c4 Ke7 19.f4 Rhd8 20.c3 Kf8 21.Kc2 h4
22.Rhf1 Ne7 23.fxe5 Nxd5 24.cxd5 fxe5 25.c4 Ke7 26.Rde1 f6 27.Re4 Rh8 28.Rg4 Rh7
29.Kd3 Kf7 30.Ke4 b6 31.Rg5 Ke7 32.Rg6 Rd6 33.b4 Kf7 34.Rg5 Ke7 35.Rg8 Kf7
36.Rb8 Rd7 37.c5 bxc5 38.bxc5 Rg7 39.d6 Ke6 40.Re8+ Kf7 41.Rxe5  1-0

[Event "Toscolano op"]
[Site "Toscolano"]
[Date "1997.??.??"]
[Round "?"]
[White "Vallejo Pons, Francisco"]
[Black "Samaritani, Fabio"]
[Result "1-0"]
[WhiteElo "2385"]
[BlackElo "2220"]

1.e4 e5 2.Nf3 Nc6 3.Nc3 Nf6 4.g3 Bc5 5.Bg2 d6 6.h3 O-O 7.d3 a6 8.O-O Be6
9.Be3 Bxe3 10.fxe3 d5 11.exd5 Nxd5 12.Qe1 f6 13.g4 Qd7 14.Nh4 Nxc3 15.bxc3 Rae8
16.Kh1 Bd5 17.e4 Be6 18.Rd1 Qf7 19.Qg3 g5 20.Nf3 Qg7 21.d4 Bxa2 22.d5 Nb8
23.Nd2 b5 24.Qd3 Qe7 25.Ra1 Qa3 26.Rfb1 Nd7 27.Rb3 Qa4 28.Qf1 Bxb3 29.cxb3 Qxa1
30.Qxa1 Ra8 31.Qa5 Ra7 32.Nf1 Nc5 33.Ne3  1-0

[Event "Toscolano op"]
[Site "Toscolano"]
[Date "1997.??.??"]
[Round "?"]
[White "Borgo, Giulio"]
[Black "Vallejo Pons, Francisco"]
[Result "1-0"]
[WhiteElo "2390"]
[BlackElo "2385"]

1.e4 e6 2.d4 d5 3.Nc3 Nf6 4.Bg5 Bb4 5.exd5 Qxd5 6.Bxf6 gxf6 7.Qd2 Qa5 8.Nge2 Nd7
9.g3 c6 10.Bg2 f5 11.O-O-O Nf6 12.Nf4 Rg8 13.Nd3 Bd6 14.Rhe1 Bd7 15.Ne5 Nd5
16.Nc4 Qc7 17.Nxd5 cxd5 18.Bxd5 Be7 19.Ne3 f4 20.gxf4 Qxf4 21.Bh1 O-O-O 22.Qc3+ Kb8
23.Qb3 Bc8 24.d5 Qxf2 25.Rf1 Qe2 26.Kb1 Rg7 27.Qc3 Bf8 28.d6 Rxd6 29.Rxd6 Bxd6
30.Qxg7 Qxe3 31.Qxf7 Be5 32.Qf3 Qd4 33.c3 Qc4 34.h3 a5 35.Re1 Bd6 36.Qe4 Qc5
37.Rd1 Qb6 38.Qd4 Bc5 39.Qe5+ Ka7 40.Ka1 a4 41.a3 Qb5 42.Bf3 Qc4 43.Be2  1-0

[Event "Toscolano op"]
[Site "Toscolano"]
[Date "1997.??.??"]
[Round "?"]
[White "Luciani, Valerio"]
[Black "Vallejo Pons, Francisco"]
[Result "0-1"]
[WhiteElo "2180"]
[BlackElo "2385"]

1.c4 e5 2.Nc3 Nc6 3.g3 g6 4.Bg2 Bg7 5.Nf3 Nge7 6.O-O a6 7.d3 O-O 8.Rb1 Rb8
9.b4 b5 10.a3 d6 11.Bb2 Bg4 12.Re1 Qd7 13.Nd5 a5 14.Nxe7+ Nxe7 15.c5 axb4
16.axb4 Nc6 17.cxd6 cxd6 18.Bc3 Rfc8 19.Qb3 d5 20.Ng5 h6 21.Nf3 Be6 22.Qb2 d4
23.Bd2 Ne7 24.Rec1 Nd5 25.Rxc8+ Rxc8 26.Rc1 Nc3 27.Bxc3 dxc3 28.Rxc3 e4 29.Rxc8+ Qxc8  0-1

[Event "Capablanca mem 33th Premier"]
[Site "Havana"]
[Date "1998.05.07"]
[Round "1"]
[White "Vallejo Pons, Francisco"]
[Black "Hernandez, Roman"]
[Result "0-1"]
[WhiteElo "2415"]
[BlackElo "2425"]

1.e4 c5 2.Nf3 Nc6 3.c3 d6 4.d4 Nf6 5.d5 Nb8 6.Bd3 g6 7.O-O Bg7 8.c4 O-O 9.Nc3 a6
10.a4 b6 11.h3 e5 12.dxe6 Bxe6 13.Nd5 Nc6 14.Bg5 Bxd5 15.cxd5 Nb4 16.Bb1 Qd7
17.Qb3 Rae8 18.Re1 Re7 19.Bd2 a5 20.Qc4 Rfe8 21.Ra3 h6 22.Kf1 Nh5 23.g4 Nf6
24.Nh4 Nh7 25.Bc3 Nf6 26.Ng2 Qd8 27.Re2 Qc8 28.b3 Qa6 29.Qxa6 Nxa6 30.Bd3 Nb4
31.Bb5 Rb8 32.Ra1 Nd7 33.Bxg7 Kxg7 34.f3  0-1

[Event "Capablanca mem 33th Premier"]
[Site "Havana"]
[Date "1998.05.08"]
[Round "2"]
[White "Vallejo Pons, Francisco"]
[Black "Perez, Rodney"]
[Result "1/2-1/2"]
[WhiteElo "2415"]
[BlackElo "2395"]

1.e4 g6 2.d4 Bg7 3.Nc3 c6 4.f4 d5 5.e5 h5 6.Nf3 Nh6 7.Be3 Bg4 8.Be2 Nf5 9.Bf2 e6
10.Qd2 Nd7 11.g3 Nb6 12.b3 Bf8 13.h3 Bxf3 14.Bxf3 Rc8 15.O-O-O Nc4 16.Qe2 Qa5
17.bxc4 Qxc3 18.c5 Qa3+ 19.Kb1 b6 20.Rd3 Qa4 21.cxb6 axb6 22.g4 hxg4 23.hxg4 Rxh1+
24.Bxh1 Ra8 25.c3 Qb5+ 26.Ka1 Ne7 27.Qc2 Qc4 28.Bf3 b5 29.Be2 b4 30.Kb1 Ra3
31.Qb2 Nc8 32.Rh3 bxc3 33.Bxc4 cxb2 34.Bb3 Nb6 35.Rh8 Ra8 36.Be1 Kd7 37.Rh7 Ke8
38.Rh8 Kd7 39.Rh7 Ke8 40.Rh8  1/2-1/2

[Event "Capablanca mem 33th Premier"]
[Site "Havana"]
[Date "1998.05.14"]
[Round "7"]
[White "Siegel, Georg"]
[Black "Vallejo Pons, Francisco"]
[Result "0-1"]
[WhiteElo "2540"]
[BlackElo "2415"]

1.d4 f5 2.Nc3 d5 3.Nf3 Nf6 4.g3 e6 5.Bg2 c5 6.O-O cxd4 7.Nb5 Bd7 8.Nbxd4 Nc6
9.c4 dxc4 10.Qc2 Rc8 11.Nxc6 Bxc6 12.Qxc4 Qd7 13.Qh4 Bd6 14.Be3 a6 15.Rfd1 Qe7
16.Bf4 e5 17.Bg5 O-O 18.Qc4+ Kh8 19.Qb3 Bc5 20.Be3 Bxe3 21.Qxe3 Ng4 22.Qg5 Qc5
23.Rf1 h6 24.Qc1 Qb6 25.Qc3 Bxf3 26.Qxf3 e4 27.Qa3 Rfd8 28.h3 Nf6 29.Rfc1 Rxc1+
30.Rxc1 Rd2 31.Bf1 Kh7 32.Qe7 Qxb2 33.Rc7 Nd5  0-1

[Event "Capablanca mem 33th Premier"]
[Site "Havana"]
[Date "1998.05.15"]
[Round "8"]
[White "Vallejo Pons, Francisco"]
[Black "Herrera, Irisberto"]
[Result "1-0"]
[WhiteElo "2415"]
[BlackElo "2445"]

1.e4 c5 2.Nc3 d6 3.Nge2 a6 4.g3 b5 5.a3 Bb7 6.Bg2 Nd7 7.O-O g6 8.d3 Bg7 9.f4 e6
10.Kh1 Ne7 11.Be3 f5 12.h3 Qc7 13.Rc1 O-O 14.g4 d5 15.Bg1 d4 16.Nb1 e5 17.gxf5 gxf5
18.c3 fxe4 19.dxe4 d3 20.Qxd3 exf4 21.Bh2 Ne5 22.Qc2 f3 23.Bxf3 Rxf3 24.Rxf3 Qc6
25.Bxe5 Qxe4 26.Qxe4 Bxe4 27.Nd2 Bc6 28.Bxg7 Kxg7 29.Kh2 Rd8 30.Rg3+ Ng6
31.Nb3 Kh6 32.Rf1 Re8 33.Rf2  1-0

[Event "Capablanca mem 33th Premier"]
[Site "Havana"]
[Date "1998.05.16"]
[Round "9"]
[White "Vazquez, Renier"]
[Black "Vallejo Pons, Francisco"]
[Result "1-0"]
[WhiteElo "2405"]
[BlackElo "2415"]

1.e4 e6 2.d4 d5 3.Nc3 Bb4 4.e5 c5 5.a3 Bxc3+ 6.bxc3 Nc6 7.Nf3 Qa5 8.Bd2 Qa4
9.Qb1 c4 10.h4 f6 11.h5 fxe5 12.Nxe5 Nxe5 13.dxe5 Qa5 14.Be2 Ne7 15.h6 g6
16.Rh3 Qc7 17.f4 Rf8 18.a4 Nc6 19.Qa2 b6 20.g3 Rf7 21.Be3 Bd7 22.Qa3 O-O-O
23.O-O-O Na5 24.Bg4 Qc6 25.Kb2 Nb7 26.Ra1 a5 27.Rhh1 Nc5 28.Rhb1 Kc7 29.Kc1 Rb8
30.Rb5 Nxa4 31.Rab1 d4 32.Bxd4 g5 33.Qxa4 gxf4 34.Qa3 fxg3 35.Rxb6 Rf1+ 36.Kd2  1-0

[Event "Capablanca mem 33th Premier"]
[Site "Havana"]
[Date "1998.05.19"]
[Round "11"]
[White "Teske, Henrik"]
[Black "Vallejo Pons, Francisco"]
[Result "1/2-1/2"]
[WhiteElo "2475"]
[BlackElo "2415"]

1.b3 c5 2.c4 Nc6 3.g3 Nf6 4.Bb2 d5 5.cxd5 Nxd5 6.Nf3 f6 7.Bg2 e5 8.O-O Be7
9.Nc3 Be6 10.Rc1 Rc8 11.d3 O-O 12.Nd2 Nxc3 13.Bxc3 Qd7 14.a4 b6 15.Nc4 Rfd8
16.Qd2 Nd4 17.Qa2 Bg4 18.Rfe1 Qe6 19.Rb1 a6 20.Bxd4 cxd4 21.Bb7 Rc7 22.Bxa6 Ra8
23.Bb5 Bb4 24.Rec1 Kh8 25.Rc2 Rc5 26.Qb2 Rac8 27.Qc1 Bh3 28.Qd1 h6 29.Rbc1 f5
30.f3 e4 31.e3 exd3 32.Qxd3 dxe3 33.Rd1 f4 34.Bd7 Qxd7 35.Qxd7 Bxd7 36.Rxd7 Re8
37.Re2 fxg3 38.hxg3 b5 39.axb5 Rxb5 40.Kg2 Bc5 41.Rd5 Reb8 42.Nxe3 Ba3  1/2-1/2

[Event "Capablanca mem 33th Premier"]
[Site "Havana"]
[Date "1998.05.20"]
[Round "12"]
[White "Vallejo Pons, Francisco"]
[Black "De la Riva Aguado, Oscar"]
[Result "1/2-1/2"]
[WhiteElo "2415"]
[BlackElo "2495"]

1.e4 c5 2.Nf3 Nc6 3.Bb5 g6 4.O-O Bg7 5.c3 Nf6 6.Re1 O-O 7.h3 e5 8.d3 d6 9.Nbd2 h6
10.Nf1 Be6  1/2-1/2

[Event "Capablanca mem 33th Premier"]
[Site "Havana"]
[Date "1998.05.22"]
[Round "13"]
[White "Rivera, Alberto"]
[Black "Vallejo Pons, Francisco"]
[Result "0-1"]
[WhiteElo "2415"]
[BlackElo "2415"]

1.d4 f5 2.g3 Nf6 3.Bg2 g6 4.c4 Bg7 5.Nh3 d6 6.d5 Nbd7 7.Nf4 Ne5 8.Nc3 O-O
9.Qb3 c5 10.Bd2 a6 11.a4 Rb8 12.h4 Bh8 13.O-O b6 14.Rab1 Bd7 15.Qa2 Qc7 16.b3 Rb7
17.Qc2 Rfb8 18.Ne6 Qc8 19.e4 fxe4 20.Nxe4 b5 21.f4 Neg4 22.N4g5 bxa4 23.Rbe1 axb3
24.Qb1 b2 25.Nxh7 Kxh7 26.Ng5+ Kg8 27.Qxg6+ Bg7 28.Rxe7 Qf8 29.Rf7 Nh6 30.Rxf8+ Kxf8
31.Ne6+ Bxe6 32.dxe6 b1=Q 33.e7+ Kg8 34.e8=Q+ Nxe8 35.Rxb1 Rxb1+ 36.Kh2 Nf6
37.Kh3 R1b3 38.f5 Nhg4 39.Bd5+ Kh8 40.h5 Ne5 41.Qg5 Nxd5 42.cxd5 Nf7 43.Qg6 Be5
44.Be1 R3b7  0-1

[Event "ESP-ch"]
[Site "Linares"]
[Date "1998.08.12"]
[Round "1"]
[White "Vallejo Pons, Francisco"]
[Black "Enjuto Velasco, Roberto"]
[Result "1-0"]
[WhiteElo "2450"]
[BlackElo "2125"]

1.e4 c5 2.Nf3 Nc6 3.c3 d5 4.exd5 Qxd5 5.d4 e6 6.Na3 a6 7.Nc4 Qd8 8.Be3 b5
9.Nce5 Nxe5 10.Nxe5 Nf6 11.Qf3 Qd5 12.dxc5 Qxf3 13.Nxf3 Ne4 14.a4 bxa4 15.Rxa4 Nxc5
16.Bb5+ Bd7 17.Bxd7+ Nxd7 18.b4 Be7 19.Ke2 O-O 20.Rha1 Rac8 21.Rxa6 Bf6 22.Rd1 Nb8
23.Ra3 Bxc3 24.Bc5  1-0

[Event "ESP-ch"]
[Site "Linares"]
[Date "1998.08.13"]
[Round "2"]
[White "Cenal Gutierrez, Ruben"]
[Black "Vallejo Pons, Francisco"]
[Result "0-1"]
[WhiteElo "2250"]
[BlackElo "2450"]

1.d4 f5 2.e4 fxe4 3.Nc3 Nf6 4.Bg5 c6 5.f3 Qb6 6.Qd2 e3 7.Qxe3 Qxb2 8.Rb1 Qxc2
9.Bc4 Qxg2 10.Nge2 Qxh1+ 11.Kd2 Qxh2 12.Bf4 Qh5 13.Ng3 Qa5 14.d5 e6 15.Nf5 cxd5
16.Rb5 Qa3 17.Be5 Nc6 18.Bb3 b6 19.Bg3 Ba6 20.Bd6 O-O-O  0-1

[Event "ESP-ch"]
[Site "Linares"]
[Date "1998.08.14"]
[Round "3"]
[White "Vallejo Pons, Francisco"]
[Black "Candela Perez, Jose"]
[Result "1/2-1/2"]
[WhiteElo "2450"]
[BlackElo "2380"]

1.e4 e5 2.Nf3 Nc6 3.Nc3 Nf6 4.g3 Bb4 5.Bg2 O-O 6.O-O Re8 7.d3 h6 8.h3 d5
9.exd5 Nxd5 10.Nxd5 Qxd5 11.c3 Bf8 12.Nd4 Qd6 13.Nxc6 bxc6 14.f4 Ba6 15.fxe5 Qxd3
16.Qxd3 Bxd3 17.Bxc6 Bc5+ 18.Kg2 Bxf1+ 19.Kxf1 Rad8 20.Bxe8 Rxe8 21.Bd2  1/2-1/2

[Event "ESP-ch"]
[Site "Linares"]
[Date "1998.08.17"]
[Round "6"]
[White "Granero Roca, Antonio"]
[Black "Vallejo Pons, Francisco"]
[Result "0-1"]
[WhiteElo "2370"]
[BlackElo "2450"]

1.d4 f5 2.g3 Nf6 3.Bg2 g6 4.Nh3 Bg7 5.c3 Nc6 6.Nd2 O-O 7.O-O Kh8 8.Re1 d6
9.e4 e5 10.d5 Ne7 11.c4 h6 12.f3 g5 13.exf5 Bxf5 14.Nf2 Bg6 15.Nde4 Nd7 16.Nd3 Nf5
17.Bd2 a5 18.Kh1 b6 19.b3 Nc5 20.Bc3 Rf7 21.a3 Nd4 22.Rb1 Qd7 23.Bxd4 exd4
24.Ndxc5 bxc5 25.b4 axb4 26.axb4 cxb4 27.Rxb4 Bh5 28.Qb3 Rff8 29.c5 Rae8
30.cxd6 cxd6 31.Rb7 Qd8 32.Rc1 Re7 33.Rb6 Be5 34.Qb4 Rd7 35.Rcc6 d3 36.Qd2 Rxf3
37.Qd1 Qf8 38.h3 Rdf7 39.Qb3 Rf1+ 40.Kh2 Qg7 41.Nxd6 Bxg3+  0-1

[Event "ESP-ch"]
[Site "Linares"]
[Date "1998.08.20"]
[Round "9"]
[White "Garcia Ilundain, David"]
[Black "Vallejo Pons, Francisco"]
[Result "1/2-1/2"]
[WhiteElo "2485"]
[BlackElo "2450"]

1.d4 f5 2.g3 Nf6 3.Bg2 g6 4.c3 Bg7 5.Qb3 Nc6 6.Nh3 d5 7.Nf4 e6 8.Nd2 O-O
9.h4 Re8 10.Nf3 Ng4 11.Nd3 b6 12.Bf4 Bb7 13.Qd1 h6 14.Qc1 Kh7 15.Nde5 Qe7
16.Nxc6 Bxc6 17.Be5 Bb7 18.Bxg7 Qxg7 19.Qf4 Nf6 20.Qe5 Rac8 21.O-O Nd7 22.Qxg7+ Kxg7
23.Rfc1 e5 24.dxe5 Nxe5 25.Nxe5 Rxe5 26.e3 Ba6 27.a4 c6 28.a5 b5 29.Rd1 Rb8
30.Rd4 Bc8 31.Rad1  1/2-1/2

[Event "ESP-chT"]
[Site "Salamanca"]
[Date "1998.09.13"]
[Round "9"]
[White "Pomes Marcet, Juan"]
[Black "Vallejo Pons, Francisco"]
[Result "1/2-1/2"]
[WhiteElo "2395"]
[BlackElo "2450"]

1.d4 e6 2.Nf3 d5 3.c4 Nf6 4.cxd5 exd5 5.Nc3 c6 6.Qc2 g6 7.Bg5 Bg7 8.e3 Bf5
9.Bd3 Bxd3 10.Qxd3 Na6 11.O-O O-O 12.Rab1 Nc7 13.b4 a6  1/2-1/2

[Event "Wch U16"]
[Site "Oropesa del Mar"]
[Date "1998.10.25"]
[Round "1"]
[White "Grigutavicius, Dainius"]
[Black "Vallejo Pons, Francisco"]
[Result "0-1"]
[WhiteElo "2135"]
[BlackElo "2450"]

1.d4 f5 2.c4 Nf6 3.Nf3 g6 4.g3 Bg7 5.Bg2 d6 6.O-O O-O 7.Nc3 c6 8.Re1 Na6
9.d5 e5 10.dxe6 Bxe6 11.Bf4 Qa5 12.Qxd6 Rfe8 13.Bd2 Bxc4 14.Qd4 Bf7 15.e4 Ng4
16.Nd1 Qc7 17.Bf4 Qxf4 18.gxf4 Bxd4 19.Nxd4 Rad8 20.Nc2 Rd2 21.Na3 Nc5 22.f3 Nd3
23.Rf1 Nxf4 24.fxg4 Rxg2+ 25.Kh1 Rxg4 26.exf5 Bd5+  0-1

[Event "Wch U16"]
[Site "Oropesa del Mar"]
[Date "1998.10.26"]
[Round "2"]
[White "Vallejo Pons, Francisco"]
[Black "Shavtvaladze, Nikoloz"]
[Result "1-0"]
[WhiteElo "2450"]
[BlackElo "2215"]

1.e4 c5 2.Nf3 e6 3.d4 cxd4 4.Nxd4 Nc6 5.Nb5 d6 6.c4 Nf6 7.N1c3 a6 8.Na3 Be7
9.Be2 O-O 10.O-O b6 11.f4 d5 12.e5 Bc5+ 13.Kh1 Ne4 14.Bf3 Nf2+ 15.Rxf2 Bxf2
16.cxd5 exd5 17.Bxd5 Bb7 18.Nc4 Bc5 19.Be3 Bxe3 20.Nxe3 Na5 21.Nf5 Bxd5 22.Nxd5 Kh8
23.Qg4 Rg8 24.Rd1 Qb8 25.Nde7 Nc4 26.b3 Nb2 27.Nxg8 g6 28.Nf6 Nxd1 29.Qxd1 Qd8
30.Nd6 Kg7 31.Qd5 Qf8 32.Nd7 Rc8  1-0

[Event "Wch U16"]
[Site "Oropesa del Mar"]
[Date "1998.10.27"]
[Round "3"]
[White "Dziuba, Marcin"]
[Black "Vallejo Pons, Francisco"]
[Result "1/2-1/2"]
[WhiteElo "2280"]
[BlackElo "2450"]

1.d4 f5 2.Nc3 d5 3.Bf4 c6 4.e3 Nf6 5.Bd3 e6 6.Nf3 Be7 7.Ne2 O-O 8.O-O Ne4
9.Ne5 Nd7 10.c4 g5 11.Nxd7 Bxd7 12.Be5 Be8 13.f4 h6 14.Nc3 Nf6 15.cxd5 cxd5
16.Qb3 Bc6 17.Bxf6 Bxf6 18.g3 a6 19.Na4 Be7 20.Rac1 gxf4 21.gxf4 Kh7 22.Kh1 Rg8
23.Rg1 Qa5 24.Nc3 Bd6 25.Qc2 Bd7 26.Qe2 Rad8 27.Rxg8 Rxg8 28.Nb1 Rc8 29.Rg1 Qc7
30.Nd2 Rg8 31.Rxg8 Kxg8 32.Nf3 Be8 33.Ne5 Bxe5 34.fxe5  1/2-1/2

[Event "Wch U16"]
[Site "Oropesa del Mar"]
[Date "1998.10.29"]
[Round "4"]
[White "Vallejo Pons, Francisco"]
[Black "Mista, Aleksander"]
[Result "1/2-1/2"]
[WhiteElo "2450"]
[BlackElo "2255"]

1.e4 g6 2.d4 Bg7 3.Nc3 d6 4.Nge2 Nf6 5.g3 O-O 6.Bg2 e5 7.h3 Nc6 8.Be3 Bd7
9.O-O a6 10.f4 exd4 11.Nxd4 Re8 12.Qd2 Na5 13.Bf2 c5 14.Nb3 Nc4 15.Qd3 b5
16.Rae1 Bc6 17.Nd1 Qc7 18.Re2 Re6 19.Rfe1 Rae8 20.f5 Re5 21.g4 Qb7 22.Nc3 b4
23.Qxc4 bxc3 24.Na5 Qb5 25.Qxc3 Nxe4 26.Qa3 Nxf2 27.Rxe5 Rxe5 28.Rxe5 Nxh3+
29.Qxh3 Bxg2 30.Qxg2 Bxe5 31.Nc6 Bxb2 32.Ne7+ Kf8 33.Nd5 Be5  1/2-1/2

[Event "Wch U16"]
[Site "Oropesa del Mar"]
[Date "1998.10.30"]
[Round "5"]
[White "Vallejo Pons, Francisco"]
[Black "Neiksans, Arthur"]
[Result "1/2-1/2"]
[WhiteElo "2450"]
[BlackElo "2230"]

1.e4 e5 2.Nf3 Nf6 3.d4 exd4 4.e5 Ne4 5.Qxd4 d5 6.exd6 Nxd6 7.Nc3 Nc6 8.Qf4 Nf5
9.Bd2 Bd6 10.Qe4+ Nfe7 11.Nb5 Bf5 12.Qa4 O-O 13.O-O-O a6 14.Nxd6 Qxd6 15.Bg5 Qc5
16.Be3 Qb4 17.Qxb4 Nxb4 18.Bc5 Nbc6 19.Bc4 Rfd8 20.Nh4 Bg4 21.f3 Be6 22.Bxe6 fxe6
23.f4 Nd5 24.g3 b6 25.Ba3 e5 26.fxe5 Nxe5 27.Nf5 Nf6 28.b3 Rxd1+ 29.Rxd1 Re8
30.Bb2 g6 31.Ne3 Ned7 32.Ng4 Nxg4 33.Rxd7 Nxh2 34.Rg7+ Kf8 35.Rxc7 Nf1 36.Ba3+ Kg8
37.Bd6 Re6 38.Bf4 g5 39.Bxg5 Nxg3 40.Ra7 b5  1/2-1/2

[Event "Wch U16"]
[Site "Oropesa del Mar"]
[Date "1998.10.31"]
[Round "6"]
[White "Vavrak, Peter"]
[Black "Vallejo Pons, Francisco"]
[Result "0-1"]
[WhiteElo "2200"]
[BlackElo "2450"]

1.d4 f5 2.g3 Nf6 3.Bg2 d6 4.Nh3 Nc6 5.b3 e5 6.Bxc6+ bxc6 7.dxe5 dxe5 8.Qxd8+ Kxd8
9.Bb2 Bd6 10.Nd2 Ba6 11.c4 c5 12.f3 Bb7 13.Rf1 Ke7 14.Nf2 h5 15.e4 fxe4 16.Ndxe4 h4
17.g4 Raf8 18.Ke2 h3 19.Rad1 Rh4 20.Bc1 Ke6 21.Bg5 Nxe4 22.Nxe4 Rhh8 23.Be3 Bxe4
24.fxe4 Rb8 25.Rb1 Be7 26.Bf2 a5 27.a4 Rb6 28.Be1 Rd6 29.Bc3 Bg5 30.Rb2 Bf4
31.Rf2 Rhd8 32.Rf3 Rh8 33.Rf2 Rh4 34.Bxa5 Rxg4 35.Bd2 g5 36.Bxf4 exf4 37.Rd2 Rg1
38.Rxd6+ cxd6 39.Rf1 Rg2+ 40.Rf2 Rg4 41.a5 Rg1 42.a6 Ra1 43.Kf3 Rxa6 44.Kg4 Kf6
45.Rf3 Ra1 46.Rxh3 Rg1+ 47.Kh5 Rg2  0-1

[Event "Wch U16"]
[Site "Oropesa del Mar"]
[Date "1998.11.04"]
[Round "9"]
[White "Vallejo Pons, Francisco"]
[Black "Azarov, Sergei"]
[Result "1/2-1/2"]
[WhiteElo "2450"]
[BlackElo "2445"]

1.e4 e5 2.Nf3 Nc6 3.d4 exd4 4.Nxd4 Bc5 5.Nb3 Bb6 6.a4 a6 7.Nc3 d6 8.Nd5 Ba7
9.Be3 Bxe3 10.Nxe3 Nf6 11.Bd3 O-O 12.O-O Re8 13.f3 b6 14.a5 bxa5 15.Rf2 Bd7
16.c3 h6 17.Qd2 a4 18.Rxa4 a5 19.Ra3 a4 20.Nd4 Ne5 21.Bf1 Rb8 22.c4 Ng6 23.Nb5 Ra8
24.Qd1 Qb8 25.Rxa4 Rxa4 26.Qxa4 Qb6 27.Qa7 Qxa7 28.Nxa7 c6 29.b4 Ra8 30.Ra2 Ne7
31.Ra3 Nc8 32.Nb5 Rb8 33.Nxd6 Nxd6 34.e5 Nf5 35.Nxf5 Bxf5 36.exf6 Rxb4 37.g4 Bg6
38.Ra8+ Kh7 39.fxg7 Kxg7 40.Ra6 Rb1 41.Kf2 Rb2+ 42.Kg3 Rb3 43.Be2 c5 44.Rc6 Rb2
45.Bd1 Bd3 46.Rxc5 Rb4 47.Rd5 Bxc4 48.Rd4 Rb1 49.Bc2 Rg1+ 50.Kf2 Rf1+ 51.Kg2 Bb5
52.Be4 Rc1 53.Rd6 Bc4 54.Bf5 Ra1 55.h4 Ra6 56.Rd7 Be6 57.Bxe6 Rxe6 58.Kg3 Ra6
59.Rb7 Ra3 60.Rb6 Rc3 61.Rb5 Ra3 62.Kf4 Rc3 63.Ke4 Rc4+ 64.Kf5 h5 65.Kg5 hxg4
66.fxg4 Ra4 67.h5 Ra6 68.Rf5 f6+ 69.Kh4 Ra1 70.Rf3 Rb1 71.Ra3 Re1 72.Kg3 Rg1+
73.Kf4 Rf1+ 74.Ke4 Rg1 75.Kf4 Rf1+ 76.Rf3 Ra1 77.Re3 Rf1+ 78.Ke4 f5+ 79.gxf5 Kf6
80.Rg3 Re1+ 81.Kf4 Rf1+ 82.Kg4  1/2-1/2

[Event "Elgoibar"]
[Site "Elgoibar"]
[Date "1998.11.26"]
[Round "6"]
[White "Vallejo Pons, Francisco"]
[Black "Mellado Trivino, Juan"]
[Result "1/2-1/2"]
[WhiteElo "2450"]
[BlackElo "2460"]

1.c4 Nf6 2.Nc3 e5 3.g3 Bb4 4.Bg2 O-O 5.Nf3 Nc6 6.O-O Re8 7.d3 d6 8.Nd5 Nxd5
9.cxd5 Ne7 10.d4 exd4 11.Nxd4 Bc5 12.Be3 Ng6 13.Nc2 Qf6 14.Bd4 Ne5 15.Rc1 Qh6
16.Ne3 Ng4 17.Nxg4 Bxg4 18.f3 Bd7 19.e4  1/2-1/2

[Event "Elgoibar"]
[Site "Elgoibar"]
[Date "1998.11.27"]
[Round "7"]
[White "Georgiev, Vladimir"]
[Black "Vallejo Pons, Francisco"]
[Result "1-0"]
[WhiteElo "2540"]
[BlackElo "2450"]

1.d4 f5 2.Nc3 d5 3.Bf4 c6 4.e3 Nf6 5.Bd3 e6 6.Nf3 Be7 7.O-O O-O 8.Ne2 Ne4
9.c4 Bd7 10.Qb3 b6 11.Rfc1 g5 12.Bg3 Nxg3 13.hxg3 Be8 14.Rc2 Nd7 15.cxd5 cxd5
16.Rac1 a6 17.a4 Bf7 18.Rc6 Qb8 19.Qc2 h6 20.Bxf5 exf5 21.Qxf5 Be8 22.Qxd5+ Kg7
23.Qe6 Bf6 24.e4 Nc5 25.dxc5 Bxc6 26.Qxc6 bxc5 27.Rxc5 Qxb2 28.e5 Be7 29.Rc2 Qa1+
30.Rc1 Qa3 31.Ned4 Rac8 32.Nf5+ Kf7 33.Qd5+ Kg6 34.Qe6+ Rf6 35.Nxe7+  1-0

[Event "Torneo de Pamplona 9th"]
[Site "Pamplona"]
[Date "1998.12.27"]
[Round "1"]
[White "Van Wely, Loek"]
[Black "Vallejo Pons, Francisco"]
[Result "0-1"]
[WhiteElo "2635"]
[BlackElo "2450"]

1.d4 d5 2.c4 dxc4 3.e4 e5 4.Nf3 exd4 5.Bxc4 Nc6 6.O-O Be6 7.Bxe6 fxe6 8.Qb3 Qd7
9.Qxb7 Rb8 10.Qa6 Nf6 11.Nbd2 Bb4 12.Qd3 Bxd2 13.Bxd2 Rxb2 14.Rac1 O-O 15.Rc5 Ne7
16.Rfc1 c6 17.R5c4 e5 18.Nxe5 Qe6 19.Bf4 Nh5 20.Qxd4 Rb5 21.g3 Nxf4 22.gxf4 Rxf4
23.Rc5 h6 24.a4 Rxc5 25.Rxc5 Ng6 26.Kf1 Qh3+ 27.Ke2 Qg2 28.Ke3 Qxf2+ 29.Kd3 Qf1+
30.Kc3 Qa1+ 31.Kc4 Qxa4+ 32.Kc3 Qa1+ 33.Kc4 Nxe5+ 34.Rxe5 Qa6+ 35.Kb4 Qb6+
36.Kc4 Rf2 37.Re8+ Kh7 38.Qxb6 axb6 39.Rb8 Rxh2 40.Rxb6 Rc2+ 41.Kd4 h5 42.Ke5 h4
43.Kd6 g5 44.e5 h3 45.e6 h2 46.e7 Rd2+  0-1

[Event "Dos Hermanas op"]
[Site "Dos Hermanas"]
[Date "1998.??.??"]
[Round "5"]
[White "Palacios de la Prida, Ernesto"]
[Black "Vallejo Pons, Francisco"]
[Result "0-1"]
[WhiteElo "2220"]
[BlackElo "2415"]

1.d4 f5 2.Bg5 g6 3.Nc3 d5 4.h4 Bg7 5.e3 c6 6.Bd3 Be6 7.Nge2 h6 8.Bf4 Nf6
9.Ng3 O-O 10.h5 g5 11.Bxb8 Rxb8 12.Nxf5 Bxf5 13.Bxf5 Qd6 14.Qd3 e5 15.dxe5 Qxe5
16.O-O-O b5 17.f4 gxf4 18.exf4 Qxf4+ 19.Kb1 Rbe8 20.Rhf1 Qg5 21.Bg6 Re5 22.Qd4 Nxh5
23.Rxf8+ Bxf8 24.Bxh5 Qxh5 25.g4 Qe8 26.Qxa7 b4 27.Na4 Re1  0-1